000 00399nam a2200157 a 4500
005 20140412111421.0
008 071129s19uu xx 00 eng d
020 _a1-55799-915-5
050 _aTR(GS 513.372
_bC83 2003
245 _aCounting 1-20.
260 _aU.S.A :
_bThe learning line,
_c2003.
300 _a32p.
440 _aSuccess measures up!
500 _aGrades K-1
999 _c106038
_d106038